[Event "DEM U14 2000"]
[Site "Überlingen GER"]
[Date "2000.06.09"]
[Round "8"]
[White "Siepmann, Martin"]
[Black "Vollstädt, Ole"]
[Result "1-0"]
[Termination "normal"]
[Board "12"]
[WhiteElo "1666"]
[BlackElo "1027"]
[PlyCount "83"]
[EventCountry "GER"]
[EventRounds "9"]
[EventType "swiss"]
[EventDate "2000.06.03"]

1. c4 e5 2. a3 d6 3. Nc3 f5 4. g3 Nf6 5. Bg2 Be7 6. d3 O-O 7. e3 c6 8. Nge2 d5
9. cxd5 cxd5 10. Qb3 Be6 11. Qxb7 Nbd7 12. Nxd5 Nxd5 13. Bxd5 Bxd5 14. Qxd5+
Kh8 15. d4 Bf6 16. O-O Qc7 17. Rd1 Rad8 18. b4 exd4 19. Nxd4 Bxd4 20. exd4 Nb6
21. Qb3 Qd6 22. Bf4 Qf6 23. Be5 Qg6 24. Rac1 Nd7 25. f4 Nf6 26. Rc7 Rd7 27.
Rdc1 Qe8 28. Rxd7 Nxd7 29. Rc7 Nxe5 30. dxe5 Qd8 31. Rc4 Qb6+ 32. Rc5 Rc8 33.
Qf7 h6 34. Qxf5 Rxc5 35. Qf8+ Kh7 36. Qxc5 Qb8 37. Qd6 Qc8 38. Qd3+ Kg8 39. Kf2
Qe6 40. Ke3 Qb6+ 41. Qd4 Qb7 42. e6 1-0

[Event "DEM U14 2000"]
[Site "Überlingen GER"]
[Date "2000.06.10"]
[Round "9"]
[White "Baramidze, David"]
[Black "Nazarenus, Moritz"]
[Result "1-0"]
[Termination "normal"]
[Board "1"]
[WhiteElo "2154"]
[BlackElo "1886"]
[PlyCount "63"]
[WhiteFideId "4667719"]
[BlackFideId "4670540"]
[EventCountry "GER"]
[EventRounds "9"]
[EventType "swiss"]
[EventDate "2000.06.03"]

1. e4 c6 2. d4 d5 3. Nd2 dxe4 4. Nxe4 Bf5 5. Ng3 Bg6 6. h4 h6 7. Nf3 Nd7 8. h5
Bh7 9. Bd3 Bxd3 10. Qxd3 Ngf6 11. Bf4 Qa5+ 12. Bd2 Qc7 13. O-O-O e6 14. c4
O-O-O 15. Qe2 Bd6 16. Rh4 c5 17. Be3 a6 18. d5 exd5 19. cxd5 Rhe8 20. Nf5 Bf8
21. Qc2 Ne5 22. Nxe5 Qxe5 23. d6 Nd7 24. Rc4 b6 25. f4 Qf6 26. b4 Rxe3 27. Nxe3
b5 28. Ng4 Qh4 29. Rxc5+ Nxc5 30. Qxc5+ Kb7 31. Qc7+ Ka8 32. g3 1-0

[Event "DEM U14 2000"]
[Site "Überlingen GER"]
[Date "2000.06.10"]
[Round "9"]
[White "Guttenthaler, Franz"]
[Black "Eisenbeiser, Amadeus"]
[Result "1-0"]
[Termination "normal"]
[Board "2"]
[WhiteElo "2149"]
[BlackElo "1828"]
[PlyCount "86"]
[WhiteFideId "4655729"]
[BlackFideId "4678338"]
[EventCountry "GER"]
[EventRounds "9"]
[EventType "swiss"]
[EventDate "2000.06.03"]

1. e4 d6 2. g3 Nf6 3. Bg2 g6 4. Ne2 Bg7 5. O-O O-O 6. d4 e5 7. c4 c6 8. Nbc3
Nbd7 9. h3 h6 10. Be3 Re8 11. Qc2 Qc7 12. Rad1 b6 13. b3 Bb7 14. Rfe1 Rad8 15.
f4 Bf8 16. Kh2 Kh7 17. b4 c5 18. fxe5 dxe5 19. dxc5 bxc5 20. b5 a6 21. a4 Nb6
22. Nd5 Nbxd5 23. cxd5 axb5 24. axb5 Qd6 25. Nc3 Nd7 26. Rf1 f6 27. Ra1 Ra8 28.
h4 Nb6 29. Na4 Nxa4 30. Rxa4 Rxa4 31. Qxa4 Ra8 32. Qb3 Kg7 33. Rc1 Qb6 34. Bh3
Bc8 35. Bf1 Bd7 36. Qc3 Rc8 37. Ra1 Qb7 38. Qa5 Rb8 39. b6 Qxb6 40. Qxb6 Rxb6
41. Ra7 Rb2+ 42. Kg1 Kg8 43. Rxd7 c4 1-0

[Event "DEM U14 2000"]
[Site "Überlingen GER"]
[Date "2000.06.10"]
[Round "9"]
[White "Heinz, Axel"]
[Black "Werner, Daniel"]
[Result "1/2-1/2"]
[Termination "normal"]
[Board "3"]
[WhiteElo "2129"]
[BlackElo "2030"]
[PlyCount "91"]
[WhiteFideId "4667557"]
[BlackFideId "4662814"]
[EventCountry "GER"]
[EventRounds "9"]
[EventType "swiss"]
[EventDate "2000.06.03"]

1. e4 c5 2. Nf3 d6 3. Bb5+ Bd7 4. Bxd7+ Qxd7 5. O-O Nc6 6. b3 Nf6 7. Re1 e6 8.
Bb2 Be7 9. d4 cxd4 10. Nxd4 O-O 11. c4 Rfd8 12. Nc3 Nxd4 13. Qxd4 Qc7 14. Rad1
a6 15. Rd3 Rac8 16. Red1 Ne8 17. Qe3 Qc5 18. Qxc5 dxc5 19. e5 Rxd3 20. Rxd3 Rd8
21. Rxd8 Bxd8 22. Ne4 b6 23. Kf1 f5 24. exf6 Bxf6 25. Nxf6+ gxf6 26. Ke2 Kf7
27. Ke3 Kg6 28. f4 Nd6 29. g4 h6 30. h3 Kf7 31. Ba3 Ke7 32. Kd3 Nf7 33. h4 f5
34. g5 hxg5 35. fxg5 Kf8 36. Bb2 Kg8 37. Bf6 Nd6 38. Ke3 Kf7 39. Kf4 Kg6 40.
Be7 Ne4 41. Bd8 b5 42. Bc7 bxc4 43. bxc4 Nd2 44. Ke5 Kf7 45. g6+ Kxg6 46. Kxe6
1/2-1/2

[Event "DEM U14 2000"]
[Site "Überlingen GER"]
[Date "2000.06.10"]
[Round "9"]
[White "Herzenstein, Georg"]
[Black "Knörzer, Michael"]
[Result "1-0"]
[Termination "normal"]
[Board "4"]
[WhiteElo "1615"]
[BlackElo "1826"]
[PlyCount "49"]
[WhiteFideId "4678400"]
[EventCountry "GER"]
[EventRounds "9"]
[EventType "swiss"]
[EventDate "2000.06.03"]

1. e4 c5 2. Nf3 d6 3. Bb5+ Bd7 4. Bxd7+ Nxd7 5. O-O Ngf6 6. Re1 g6 7. c3 Bg7 8.
d4 cxd4 9. cxd4 O-O 10. Nc3 Rc8 11. Bg5 Re8 12. e5 dxe5 13. dxe5 Ng4 14. e6
fxe6 15. Rxe6 Bxc3 16. bxc3 Ngf6 17. Qe2 Kf7 18. Rd1 Qc7 19. Re3 Qc5 20. Red3
Qb5 21. Qe3 a6 22. Rxd7 Nxd7 23. Rxd7 Kg8 24. Qe6+ Kh8 25. Bf6+ 1-0

[Event "DEM U14 2000"]
[Site "Überlingen GER"]
[Date "2000.06.10"]
[Round "9"]
[White "Schneider, Andreas"]
[Black "Abraham, Jan-Willem"]
[Result "1/2-1/2"]
[Termination "normal"]
[Board "5"]
[WhiteElo "1879"]
[BlackElo "1767"]
[PlyCount "137"]
[WhiteFideId "24606022"]
[EventCountry "GER"]
[EventRounds "9"]
[EventType "swiss"]
[EventDate "2000.06.03"]

1. e4 c5 2. Nc3 Nc6 3. g3 g6 4. Bg2 Bg7 5. d3 e6 6. Be3 d6 7. f4 Nge7 8. Nf3
O-O 9. O-O Nd4 10. e5 Nef5 11. Bf2 Nxf3+ 12. Qxf3 Nd4 13. Qd1 dxe5 14. fxe5
Bxe5 15. Ne4 f5 16. Nxc5 Qc7 17. b4 Rb8 18. c3 Nb5 19. d4 Bf6 20. Qb3 Qf7 21.
Rae1 Nc7 22. c4 b6 23. Nd3 Bb7 24. b5 Bxg2 25. Kxg2 Qg7 26. Nb4 Bxd4 27. Bxd4
Qxd4 28. Nc6 Qd2+ 29. Kg1 Rb7 30. Qf3 Ne8 31. Rxe6 Rbf7 32. Rfe1 Ng7 33. R6e2
Qd6 34. Qd5 Qxd5 35. cxd5 Rd7 36. a4 f4 37. g4 f3 38. Rd2 Ne8 39. Ne5 Rxd5 40.
Rxd5 f2+ 41. Kf1 fxe1=Q+ 42. Kxe1 Rf4 43. Kd2 Rxa4 44. Rd8 Kf8 45. Rd7 Re4 46.
Nc6 Rxg4 47. Rxh7 Nd6 48. Nxa7 Rg5 49. Rh8+ Kg7 50. Rb8 Nxb5 51. Rxb6 Nxa7 52.
Rb7+ Kh6 53. Rxa7 Rg2+ 54. Ke3 Rxh2 55. Kf3 Rb2 56. Kg4 Rb4+ 57. Kg3 Kh5 58.
Ra5+ g5 59. Ra3 Rb1 60. Ra4 Rb3+ 61. Kg2 g4 62. Ra8 Rb6 63. Rh8+ Rh6 64. Rxh6+
Kxh6 65. Kg3 Kg5 66. Kg2 Kf4 67. Kf2 g3+ 68. Kg2 Kg4 69. Kg1 1/2-1/2

[Event "DEM U14 2000"]
[Site "Überlingen GER"]
[Date "2000.06.10"]
[Round "9"]
[White "Raach, Stephen"]
[Black "Krämer, Martin"]
[Result "1-0"]
[Termination "normal"]
[Board "6"]
[WhiteElo "1895"]
[BlackElo "1801"]
[PlyCount "51"]
[BlackFideId "4671910"]
[EventCountry "GER"]
[EventRounds "9"]
[EventType "swiss"]
[EventDate "2000.06.03"]

1. e4 c5 2. Nc3 Nc6 3. f4 g6 4. Nf3 Bg7 5. Bc4 e6 6. f5 Nge7 7. fxe6 fxe6 8. a3
d5 9. Ba2 O-O 10. O-O Nd4 11. d3 Kh8 12. Bg5 Nxf3+ 13. Rxf3 d4 14. Rxf8+ Bxf8
15. Ne2 Bg7 16. Qe1 Qd6 17. Qh4 Nc6 18. Nf4 e5 19. Nd5 h5 20. h3 Bd7 21. g4 Be8
22. gxh5 gxh5 23. Nf6 Bxf6 24. Bxf6+ Kh7 25. Qg5 Qc7 26. Bg8# 1-0

[Event "DEM U14 2000"]
[Site "Überlingen GER"]
[Date "2000.06.10"]
[Round "9"]
[White "Laßan, Christian"]
[Black "Dorongovski, Michael"]
[Result "1-0"]
[Termination "normal"]
[Board "8"]
[WhiteElo "1684"]
[BlackElo "1193"]
[PlyCount "75"]
[WhiteFideId "4685997"]
[EventCountry "GER"]
[EventRounds "9"]
[EventType "swiss"]
[EventDate "2000.06.03"]

1. f4 d5 2. Nf3 c6 3. b3 Bg4 4. e3 Nd7 5. Bb2 Qc7 6. d4 Ngf6 7. Bd3 Ne4 8. O-O
e6 9. c4 Be7 10. Qe1 f5 11. a3 h6 12. Nc3 Rg8 13. Rc1 Qb6 14. cxd5 exd5 15. b4
a6 16. Na4 Qc7 17. Nc5 Ndxc5 18. bxc5 b6 19. Bxe4 dxe4 20. Ne5 bxc5 21. Nxg4
fxg4 22. dxc5 Bf6 23. Bd4 Rd8 24. Rd1 Rf8 25. g3 Kf7 26. Qe2 Qa5 27. Qxg4 Qxa3
28. Ra1 Qd3 29. Rfd1 Qb3 30. Rab1 Qc2 31. Rb7+ Kg8 32. Rxg7+ Kh8 33. Rg8+ Rxg8
34. Bxf6+ Kh7 35. Qf5+ Rg6 36. Rxd8 Qc1+ 37. Kg2 Qc2+ 38. Kh3 1-0

[Event "DEM U14 2000"]
[Site "Überlingen GER"]
[Date "2000.06.10"]
[Round "9"]
[White "Jachnowitsch, Kristijan"]
[Black "Rohde, Torsten"]
[Result "0-1"]
[Termination "normal"]
[Board "9"]
[WhiteElo "1697"]
[BlackElo "2071"]
[PlyCount "68"]
[BlackFideId "4665007"]
[EventCountry "GER"]
[EventRounds "9"]
[EventType "swiss"]
[EventDate "2000.06.03"]

1. d4 Nf6 2. Nf3 e6 3. e3 Be7 4. b3 O-O 5. Bb2 d6 6. Bd3 Nbd7 7. O-O b6 8. Nbd2
Bb7 9. Ne1 c5 10. c4 cxd4 11. exd4 d5 12. Nc2 dxc4 13. bxc4 Qc7 14. f4 Bd6 15.
Ba3 Bxa3 16. Nxa3 a6 17. Nc2 Qc6 18. Qe2 Rfe8 19. Nf3 Qc7 20. Ne5 Rac8 21. Ne1
Red8 22. N1f3 Nf8 23. Qe3 Ne8 24. f5 Nd6 25. fxe6 Nxe6 26. d5 Nf8 27. Rac1 Re8
28. Ng5 f6 29. Qh3 h6 30. Rxf6 gxf6 31. Qxh6 fxg5 32. Ng4 Qg7 33. Nf6+ Kf7 34.
Qh5+ Kxf6 0-1

[Event "DEM U14 2000"]
[Site "Überlingen GER"]
[Date "2000.06.10"]
[Round "9"]
[White "Jovalekic, Oliver"]
[Black "Stich, Christopher"]
[Result "1-0"]
[Termination "normal"]
[Board "10"]
[WhiteElo "1791"]
[BlackElo "1418"]
[PlyCount "113"]
[WhiteFideId "4682530"]
[EventCountry "GER"]
[EventRounds "9"]
[EventType "swiss"]
[EventDate "2000.06.03"]

1. d4 Nf6 2. Nf3 e6 3. e3 d5 4. Bd3 c5 5. c3 Nc6 6. Nbd2 Bd6 7. O-O Bd7 8. Qe2
Rc8 9. Rd1 O-O 10. dxc5 Bxc5 11. e4 Qc7 12. e5 Ng4 13. Bxh7+ Kh8 14. Bc2 Nxf2
15. Nd4 Qxe5 16. Qxe5 Nxe5 17. Kxf2 Bxd4+ 18. cxd4 Ng4+ 19. Kf3 Nxh2+ 20. Kg3
Rxc2 21. Kxh2 f6 22. Nf3 Kh7 23. b3 Rfc8 24. Ba3 Re2 25. Rd2 Rc2 26. Rxe2 Rxe2
27. Bd6 Kg6 28. a4 Rb2 29. b4 a6 30. a5 Rc2 31. Kg3 Kf7 32. Rh1 Bc8 33. Rh8 Rc3
34. Rf8+ Kg6 35. Rd8 Rc6 36. Bc5 Rc7 37. Ne1 Rc6 38. Nd3 Kf5 39. Kf3 Kg5 40.
Nb2 Rc7 41. Na4 e5 42. Ke3 exd4+ 43. Kxd4 Be6 44. Nb6 Rf7 45. Rd6 Bg4 46. Nxd5
Kh4 47. Ne3 Be2 48. Re6 Bb5 49. Re7 Rxe7 50. Bxe7 Kg5 51. Nc4 Kf4 52. Bd6+ Kg4
53. Kc5 Kf5 54. Bh2 Bc6 55. Nd6+ Kg4 56. Kb6 Bxg2 57. Nxb7 1-0

[Event "DEM U14 2000"]
[Site "Überlingen GER"]
[Date "2000.06.10"]
[Round "9"]
[White "Vollstädt, Ole"]
[Black "Herrmann, Frank"]
[Result "0-1"]
[Termination "normal"]
[Board "11"]
[WhiteElo "1027"]
[BlackElo "1691"]
[PlyCount "96"]
[EventCountry "GER"]
[EventRounds "9"]
[EventType "swiss"]
[EventDate "2000.06.03"]

1. e4 c5 2. Nf3 Nc6 3. d4 cxd4 4. Nxd4 g6 5. Nc3 Bg7 6. Nb3 Nf6 7. Be2 O-O 8.
O-O d6 9. Be3 Be6 10. f4 Qc8 11. h3 a6 12. Na4 Nd7 13. Nc3 Bxb3 14. axb3 Qd8
15. Rb1 Nc5 16. Bf3 Ne6 17. Ne2 Rc8 18. c3 Bh6 19. Qd2 Na5 20. b4 Nc4 21. Qd3
Nxe3 22. Qxe3 Bg7 23. Rbd1 Qc7 24. Bg4 Ra8 25. Bxe6 fxe6 26. Nd4 Qb6 27. Rfe1
e5 28. fxe5 Bxe5 29. Nf3 Qxe3+ 30. Rxe3 Bg3 31. Re2 Rf6 32. Rd4 Raf8 33. Rc4
R8f7 34. Rc8+ Kg7 35. Rc7 e6 36. Rxf7+ Rxf7 37. c4 Rc7 38. Rc2 b6 39. Nd4 Kf6
40. b5 axb5 41. cxb5 Rxc2 42. Nxc2 Ke5 43. Na3 Kd4 44. Kf1 Kd3 45. Kg1 Be5 46.
b3 d5 47. exd5 exd5 48. Kf2 Bb2 0-1

[Event "DEM U14 2000"]
[Site "Überlingen GER"]
[Date "2000.06.10"]
[Round "9"]
[White "Siepmann, Martin"]
[Black "Meyer, Kai-Christian"]
[Result "0-1"]
[Termination "normal"]
[Board "12"]
[WhiteElo "1666"]
[BlackElo "1642"]
[PlyCount "72"]
[BlackFideId "4680650"]
[EventCountry "GER"]
[EventRounds "9"]
[EventType "swiss"]
[EventDate "2000.06.03"]

1. Nf3 d5 2. e3 Nf6 3. c4 c6 4. Nc3 e6 5. b3 Nbd7 6. d4 Bb4 7. Bd2 O-O 8. Bd3
Re8 9. cxd5 exd5 10. O-O Bd6 11. Qc2 Qe7 12. Rfe1 Ne4 13. Ne2 f5 14. Ng3 Nf8
15. Bc1 g5 16. Bxe4 fxe4 17. Nd2 g4 18. f3 gxf3 19. gxf3 Qg7 20. Kh1 Bxg3 21.
Rg1 Kh8 22. Rxg3 Qf6 23. fxe4 Ng6 24. Bb2 Qh4 25. exd5 cxd5 26. Qc7 Qh6 27. Rf1
Bh3 28. Rff3 Rac8 29. Qxb7 Be6 30. Qb5 Nh4 31. Rf2 Rg8 32. Rxg8+ Rxg8 33. e4
Qg5 34. Qf1 Bh3 35. Qe1 Bg2+ 36. Kg1 Bf3+ 0-1